00976nam a2200289 i 450000100060000000300090000600500170001500800390003201500170007104000480008804600090013608000150014510000440016024500580020426000590026230000330032138000170035438800110037150400240038252100480040665000150045465800280046965000210049765000250051871000450054385600980058835708KOSZ 00520191022074649.0080928s1957 pl a f 000 0 pol aPB 1957/7753 aWA NcKOSZ 005/RWdKOSZ 005/RWdKOSZ 005/HR k1957 a621.73/.771 aSzopski, Kazimierzd(1911-1976).eAutor10aObróbka metali na wyoblarkach /cKazimierz Szopski. aWarszawa :bPaństwowe Wydawnictwa Techniczne,c1957. a107, [1] s. :bil. ;c21 cm. aKsiążki. a19001- aBibliogr. s. [108].8 aDla robotników, mistrzów i techników. 4aWyoblanie. aInżynieria i technika 4aObróbka metali 4aObróbka plastyczna2 aPaństwowe Wydawnictwa Techniczne4pbl. uhttp://koha.tu.koszalin.pl/cgi-bin/koha/opac-detail.pl?biblionumber=35708yKatalog online BPK